| 000 | 00452nam a22001697a 4500 | ||
|---|---|---|---|
| 003 | SISC | ||
| 005 | 20160224134426.0 | ||
| 008 | 130906t xxu||||| |||| 00| 0 eng d | ||
| 020 | _a8171826377 | ||
| 050 |
_aQH 302.5 _b.G682 [ca.1990] |
||
| 082 |
_aHS 507 _bG69 [ca.1990] |
||
| 245 | _aMillennium science quiz book / | ||
| 260 |
_aOklahoma : _bDiamond pockects, _c[ca. 1990] |
||
| 300 | 1 |
_a164 p. : _bill. ; _c20 cm |
|
| 942 |
_2lcc _cBK |
||
| 999 |
_c10551 _d10551 |
||